| 000 | 00393nam a2200169Ia 4500 | ||
|---|---|---|---|
| 008 | 230917s9999||||xx |||||||||||||| ||und|| | ||
| 020 | _cPOU4.25 | ||
| 040 |
_e510 _aMAIN |
||
| 041 | _aEnglish | ||
| 082 | _a631.4 B764W | ||
| 100 | _aBridges, E M | ||
| 245 | 0 | _aWorld soils | |
| 250 | _a2nd ed. | ||
| 260 |
_aCambridge _bCambridge University Press _c1984 |
||
| 300 | _a128 p. | ||
| 942 | _cBK | ||
| 999 |
_c51786 _d51786 |
||